MARC details
| 000 -CABECERA |
| campo de control de longitud fija |
03276nam a22003257a 4500 |
| 003 - IDENTIFICADOR DEL NÚMERO DE CONTROL |
| campo de control |
OSt |
| 005 - FECHA Y HORA DE LA ÚLTIMA TRANSACCIÓN |
| campo de control |
20241021083434.0 |
| 007 - CAMPO FIJO DE DESCRIPCIÓN FÍSICA--INFORMACIÓN GENERAL |
| campo de control de longitud fija |
cr ||||||a|c|a |
| 008 - DATOS DE LONGITUD FIJA--INFORMACIÓN GENERAL |
| campo de control de longitud fija |
241004s2020 mx ad||fom||| 001 0 spa d |
| 040 ## - FUENTE DE LA CATALOGACIÓN |
| Normas de descripción |
rda |
| 100 1# - ENTRADA PRINCIPAL--NOMBRE DE PERSONA |
| Nombre de persona |
Jiménez Paez, José Orlando |
| 9 (RLIN) |
125972 |
| 245 10 - MENCIÓN DE TÍTULO |
| Título |
Fabricación y evaluación de bolos intrarruminales con minerales traza como suplento para rumiantes / |
| Mención de responsabilidad, etc. |
por José Orlando Jiménes Paez; director Maximino Huerta Bravo; asesor Agustín Ruíz Flores; asesor Gabriela Rodriguez Patiño; lector externo Raquel López Arellano |
| 264 #1 - PRODUCCIÓN, PUBLICACIÓN, DISTRIBUCIÓN, FABRICACIÓN Y COPYRIGHT |
| Producción, publicación, distribución, fabricación y copyright |
Chapingo, México : |
| Nombre del de productor, editor, distribuidor, fabricante |
El autor, |
| Fecha de producción, publicación, distribución, fabricación o copyright |
2020. |
| 300 ## - DESCRIPCIÓN FÍSICA |
| Extensión |
1 recurso en línea ( 54 páginas). |
| Otras características físicas |
Ilustraciones, cuadros, gráficas |
| 336 ## - TIPO DE CONTENIDO |
| Fuente |
rdacontent |
| Término de tipo de contenido |
texto |
| Código de tipo de contenido |
txt |
| 337 ## - TIPO DE MEDIO |
| Fuente |
rdamedia |
| Nombre/término del tipo de medio |
computadora |
| Código del tipo de medio |
c |
| 338 ## - TIPO DE SOPORTE |
| Fuente |
rdacarrier |
| Nombre/término del tipo de soporte |
recurso en línea |
| Código del tipo de soporte |
cr |
| 502 ## - NOTA DE TESIS |
| Tipo de título |
Doctorado en Ciencias en Innovación Ganadera |
| Nombre de la institución que otorga el título |
Departamento de Enseñanza, Investigación y Servicio en Zootecnia, |
| Año de obtención del título |
2020. |
| 504 ## - NOTA DE BIBLIOGRAFÍA, ETC. |
| Nota de bibliografía, etc. |
Incluye referencias bibliográficas: páginas 5-6, 16-18, 27-29, 38-40, 43-44 |
| 520 ## - SUMARIO, ETC. |
| Sumario, etc. |
Los minerales traza cumplen funciones específicas para mantener en condiciones óptimas a los rumiantes; su deficiencia compromete la salud y la productividad. Existen diferentes métodos de suplementación mineral que han sido evaluados en rumiantes; sin embargo, se ha comprobado que los suplementos dirigidos son de mayor eficacia y beneficio. Los bolos intrarruminales son formas sólidas de dosificación mineral que aseguran por un tiempo determinado la ministración de minerales. El objetivo de la presente disertación doctoral fue fabricar y evaluar la suplementación de minerales traza en rumiantes, a partir de su administración en ovinos y caprinos. A partir de la síntesis de artículos científicos, se presenta un artículo de revisión sobre el diseño, características y uso de este tipo de suplementación mineral en rumiantes y las oportunidades de investigación en esta área. Se diseñaron y fabricaron bolos intrarruminales a partir de la metodología de granulación por fusión, que contenían selenio, yodo y cobalto. En un experimento con ovinos estabulados se evaluó el efecto del hierro reducido, contenido en la matriz densificadora del bolo en la concentración de Fe en suero sanguíneo. En otro estudio, con caprinos estabulados durante la gestación, se comprobó el éxito de los bolos intrarruminales en la concentración de selenio en suero sanguíneo de los animales. Con la disertación doctoral se logró evidenciar que los bolos intrarruminales son una estrategia de suplementación mineral viable para combatir las deficiencias de minerales traza en pequeños rumiantes, debido a que aportan la cantidad necesaria durante un periodo prolongado del mineral que contienen, sin alterar el contenido de otros minerales. |
| 650 #4 - PUNTO DE ACCESO ADICIONAL DE MATERIA--TÉRMINO DE MATERIA |
| Término de materia o nombre geográfico como elemento de entrada |
Suplementación mineral |
| 9 (RLIN) |
146529 |
| 650 #4 - PUNTO DE ACCESO ADICIONAL DE MATERIA--TÉRMINO DE MATERIA |
| Término de materia o nombre geográfico como elemento de entrada |
Selenio en nutrición animal |
| 9 (RLIN) |
103793 |
| 650 #4 - PUNTO DE ACCESO ADICIONAL DE MATERIA--TÉRMINO DE MATERIA |
| Término de materia o nombre geográfico como elemento de entrada |
Minerales en los animales |
| 9 (RLIN) |
140760 |
| 700 1# - PUNTO DE ACCESO ADICIONAL--NOMBRE DE PERSONA |
| Nombre de persona |
Huerta Bravo, Maximino |
| 9 (RLIN) |
185569 |
| Término indicativo de función/relación |
Director |
| 700 1# - PUNTO DE ACCESO ADICIONAL--NOMBRE DE PERSONA |
| Nombre de persona |
Ruiz Flores, Agustín |
| 9 (RLIN) |
100671 |
| Término indicativo de función/relación |
Asesor |
| 700 1# - PUNTO DE ACCESO ADICIONAL--NOMBRE DE PERSONA |
| Nombre de persona |
Rodríguez Patiño, Gabriela |
| 9 (RLIN) |
189659 |
| Término indicativo de función/relación |
Asesor |
| 700 1# - PUNTO DE ACCESO ADICIONAL--NOMBRE DE PERSONA |
| Nombre de persona |
López Arellano, Raquel |
| 9 (RLIN) |
189660 |
| Término indicativo de función/relación |
Lector externo |
| 856 ## - LOCALIZACIÓN Y ACCESO ELECTRÓNICOS |
| Identificador Uniforme del Recurso |
http://10.13.5.2/tesis/td/2020_ZO_Jimenez_Paez_JoseOrlando.pdf |
| Nota pública |
DESCARGAR PDF |
| 942 ## - ELEMENTOS DE PUNTO DE ACCESO ADICIONAL (KOHA) |
| Fuente del sistema de clasificación o colocación |
Clasificación Universidad Autónoma Chapingo |
| Tipo de ítem Koha |
Tesis digital |